000 00926nam a2200301 a 4500
001 61026
003 BD_RJUL
005 20211209080919.0
008 020112s2000 enk 001 0 eng d
020 _a0415243602
035 _a(BD_RJUL)61150
040 _aDLC
_cDLC
_beng
_dBD_RJUL
041 _aeng
082 0 _a325.303
_223
_bASK 2004
100 _aAshcroft, Bill,
_9182097
245 1 0 _aKey concepts in post-colonial studies /
_cBill Ashcroft, Gareth Griffiths and Helen Tiffin.
260 _aNew York :
_bRoutledge,
_c2004
300 _axi, 275 p. ;
_c22 cm.
490 _aRoutledge key guides.
500 _aIncludes index.
650 0 _aPostcolonialism
_vEncyclopedias.
_9182098
650 0 _aColonies -- Dictionaries
_9182167
700 1 _aGriffiths, Gareth,
_d1943-
_9182099
700 1 _aTiffin, Helen.
_9182100
830 0 _aRoutledge key guides.
_9173411
942 _2ddc
_cBK
999 _c61026
_d61026